000 00480nam a22001457a 4500
999 _c5146
_d5146
008 170228b xxu||||| |||| 00| 0 eng d
020 _a978-0-07-128799-9
082 _a658.155 2 HIL
100 _aHILTON
245 _aCost Management
_bStrategies for Business Decisions
_cRonald W. Hilton, Michael W. Maher and Frank H. Selto
_hEnglish
260 _aBoston
_bMcGrawHill
_c2008
300 _a889p
_c28cm
650 _21. Managerial Accounting 2.Cost Accounting
942 _2ddc
_cBOOKS